Normal view
MARC view
Entry Personal Name
001 - CONTROL NUMBER
- control field: 27901
003 - CONTROL NUMBER IDENTIFIER
- control field: dpl
005 - DATE AND TIME OF LATEST TRANSACTION
- control field: 20110509164340.0
008 - FIXED-LENGTH DATA ELEMENTS
- fixed length control field: 110509|||a|||||| | ||| d
040 ## - CATALOGING SOURCE
- Original cataloging agency: dpl
- Transcribing agency: dpl
100 ## - HEADING--PERSONAL NAME
- Personal name: Oberoi, Pia A.
- Dates associated with a name: 1974-
- Fuller form of name: (Pia Anjolie)
670 ## - SOURCE DATA FOUND
- Source citation: Work cat.: (dpl): Oberoi, Pia A. 1974- (Pia Anjolie), Exile and belonging :, 2006
670 ## - SOURCE DATA FOUND
- Source citation: Work cat.: (dpl): Oberoi, Pia A. 1974- (Pia Anjolie), Exile and belonging :, 2006
